[Event "Teplice op 10th"]
[Site "Teplice"]
[Date "2015.06.20"]
[Round "8"]
[White "Gruss, Petr"]
[Black "Zeman, Filip"]
[Result "0-1"]
[WhiteElo "1786"]
[BlackElo "1536"]
[PlyCount "50"]
[EventDate "2015.06.13"]
[EventType "swiss"]
[EventRounds "9"]
[EventCountry "CZE"]
[SourceTitle "EXT 2017"]
[Source "ChessBase"]
[SourceDate "2016.10.25"]
[SourceVersion "1"]
[SourceVersionDate "2016.10.25"]
[SourceQuality "1"]

1. d4 c6 2. c4 d5 3. e3 e6 4. Nf3 Nd7 5. a3 Ngf6 6. Nc3 Be7 7. c5 Qc7 8. b4 e5 9. dxe5 Nxe5 10. Be2 0-0 11. Bb2 Nxf3+ 12. Bxf3 Rd8 13. Ne2 a5 14. 0-0 Bg4 15. Nd4 Bxf3 16. Nxf3 Ne4 17. Be5 Qd7 18. Qb3 Bf6 19. Rfd1 axb4 20. axb4 Rxa1 21. Rxa1 Qf5 22. Bg3 Bxa1 23. Qb1 Nxg3 24. Qxa1 Ne4 25. Qb1 Ra8 0-1

[Event "Teplice op 10th"]
[Site "Teplice"]
[Date "2015.06.18"]
[Round "6"]
[White "Koblasa, Josef"]
[Black "Zeman, Filip"]
[Result "1-0"]
[WhiteElo "1865"]
[BlackElo "1536"]
[PlyCount "47"]
[EventDate "2015.06.13"]
[EventType "swiss"]
[EventRounds "9"]
[EventCountry "CZE"]
[SourceTitle "EXT 2017"]
[Source "ChessBase"]
[SourceDate "2016.10.25"]
[SourceVersion "1"]
[SourceVersionDate "2016.10.25"]
[SourceQuality "1"]

1. c4 c6 2. d4 d5 3. e3 e6 4. Bd2 Be7 5. Nc3 Nd7 6. c5 e5 7. Bd3 e4 8. Bc2 Ngf6 9. f3 exf3 10. Nxf3 0-0 11. 0-0 Re8 12. b4 a6 13. a4 Qc7 14. Qe2 Bf8 15. b5 axb5 16. axb5 Rxa1 17. Rxa1 b6 18. cxb6 Qxb6 19. Ba4 Qc7 20. bxc6 Nb8 21. Ne5 Ba6 22. Bb5 Bxb5 23. Nxb5 Qc8 24. Ra8 1-0

[Event "Teplice op 8th"]
[Site "Teplice"]
[Date "2013.06.22"]
[Round "8"]
[White "Kaluzny, Jiri"]
[Black "Zeman, Filip"]
[Result "1-0"]
[WhiteElo "1809"]
[BlackElo "1304"]
[PlyCount "61"]
[EventDate "2013.06.15"]
[EventType "swiss"]
[EventRounds "9"]
[EventCountry "CZE"]
[SourceTitle "CBM 155 Extra"]
[Source "ChessBase"]
[SourceDate "2013.08.26"]
[SourceVersion "1"]
[SourceVersionDate "2013.08.26"]
[SourceQuality "1"]

1. e4 c6 2. d4 d5 3. exd5 cxd5 4. Nf3 Bf5 5. Bd3 Bxd3 6. Qxd3 Nc6 7. 0-0 e6 8. Nc3 a6 9. Re1 Bd6 10. Bg5 Be7 11. Bf4 Nf6 12. Rad1 Qb6 13. Ne5 Qxb2 14. Rb1 Qa3 15. Rxb7 Na5 16. Rb6 0-0 17. Bc1 Qd6 18. Rxd6 Bxd6 19. Na4 Bxe5 20. Rxe5 Nc4 21. Rg5 Ne4 22. Rg4 f5 23. Rh4 Nf6 24. Bg5 g6 25. Bxf6 Rxf6 26. Nc5 Rb8 27. f4 Rf7 28. Nxe6 Rb2 29. Rh3 Rfb7 30. Nc5 R7b6 31. Qe2 1-0

[Event "Teplice op 8th"]
[Site "Teplice"]
[Date "2013.06.18"]
[Round "4"]
[White "Schoeppe, Christian"]
[Black "Zeman, Filip"]
[Result "0-1"]
[WhiteElo "1645"]
[BlackElo "1304"]
[PlyCount "102"]
[EventDate "2013.06.15"]
[EventType "swiss"]
[EventRounds "9"]
[EventCountry "CZE"]
[SourceTitle "CBM 155 Extra"]
[Source "ChessBase"]
[SourceDate "2013.08.26"]
[SourceVersion "1"]
[SourceVersionDate "2013.08.26"]
[SourceQuality "1"]

1. e4 c6 2. d4 d5 3. e5 Bf5 4. Nf3 h6 5. g3 e6 6. Bg2 Nd7 7. Bd2 c5 8. c3 Qb6 9. b3 Be4 10. Be3 c4 11. b4 Ne7 12. 0-0 Nf5 13. a4 a5 14. b5 Be7 15. Qd2 Nf8 16. Ne1 Bxg2 17. Nxg2 Qd8 18. f4 h5 19. Na3 h4 20. g4 h3 21. Ne1 Nxe3 22. Qxe3 Ng6 23. g5 Rh4 24. Qg3 Rh5 25. Kf2 Kd7 26. Ke2 Qh8 27. Nf3 Nh4 28. Nc2 Nxf3 29. Rxf3 Qh7 30. Kd2 Qf5 31. Rg1 g6 32. Qg4 Qxg4 33. Rxg4 Rah8 34. Ne1 b6 35. Rfg3 Rh4 36. Rxh4 Rxh4 37. Ke3 Ba3 38. Kf3 Bb2 39. Rg4 Rh5 40. Ke2 Bxc3 41. Nf3 Ke7 42. Rg3 Kf8 43. Ng1 Bxd4 44. Nxh3 Bc5 45. Kd2 d4 46. Kc2 d3+ 47. Kc3 Bb4+ 48. Kxc4 d2 49. Nf2 Rxh2 50. Rg1 Rxf2 51. Kb3 Re2 0-1